Statics / (Record no. 8909)
[ view plain ]
| 000 -LEADER | |
|---|---|
| fixed length control field | 00529cam a2200217 a 4500 |
| 001 - CONTROL NUMBER | |
| JCCL Control Number | 8909 |
| 003 - CONTROL NUMBER IDENTIFIER | |
| JCCL marc code | UkOxU |
| 005 - DATE AND TIME OF LATEST TRANSACTION | |
| control field | 20180925122329.0 |
| 008 - FIXED-LENGTH DATA ELEMENTS--GENERAL INFORMATION | |
| fixed length control field | 880808s1941 enka 000 0 eng d |
| 035 ## - SYSTEM CONTROL NUMBER | |
| system control number | (BD-JhCC)8909 |
| 040 ## - CATALOGING SOURCE | |
| Original cataloging agency | MNU |
| Transcribing agency | MNU |
| Modifying agency | m.c |
| 041 ## - LANGUAGE CODE | |
| Language code of Book | eng |
| 082 ## - DEWEY DECIMAL CLASSIFICATION NUMBER | |
| Classification number | 531.2 |
| Author mark and Year | RAM 1941 |
| 100 1# - MAIN ENTRY--PERSONAL NAME | |
| Personal name | Ramsey, A. S. |
| 245 10 - TITLE STATEMENT | |
| Title | Statics / |
| Statement of responsibility, etc | by A.S. Ramsey. |
| 260 ## - PUBLICATION, DISTRIBUTION, ETC. (IMPRINT) | |
| Place of publication, distribution, etc | Cambridge : |
| Name of publisher, distributor, etc | University Press, |
| Date of publication, distribution, etc | 1941. |
| 300 ## - PHYSICAL DESCRIPTION | |
| Pagination | xi, 296 p. : |
| Other physical details | diagrs. ; |
| Dimensions | 23 cm. |
| 650 #0 - SUBJECT ADDED ENTRY--TOPICAL TERM | |
| Topical term or geographic name as entry element | Statics. |
| 942 ## - ADDED ENTRY ELEMENTS (KOHA) | |
| Source of classification or shelving scheme | Dewey Decimal Classification |
| Koha item type | Books |
| Source of classification or shelving scheme | Damaged status | Not for loan | Home library | Current library | Shelving location | Total Checkouts | Full call number | Barcode | Date last seen | Copy number | Koha item type |
|---|---|---|---|---|---|---|---|---|---|---|---|
| Dewey Decimal Classification | JCC Rouf Library | JCC Rouf Library | General Stacks | 531.2 RAM 1941 | 11709 | 03/05/2018 | C - 1 | Books |